La Iliada: texto adaptado
Saved in:
| Hovedforfatter: | |
|---|---|
| Format: | Bog |
| Sprog: | spansk |
| Udgivet: |
Santiago
Andrés Bello
1994
|
| Serier: | Gran biblioteca Icarito
|
| Fag: | |
| Tags: |
Tilføj Tag
Ingen Tags, Vær først til at tagge denne postø!
|
MARC
| LEADER | 00000nam a2200000 a 4500 | ||
|---|---|---|---|
| 001 | UCY2687 | ||
| 003 | CL-VaPUC | ||
| 008 | 941111e19940000CL |||||||||||||||||spa|d | ||
| 082 | 0 | 4 | |a 883 |b HOM |2 21 |
| 100 | |a Homero |e autor |9 265577 | ||
| 245 | 1 | 3 | |a La Iliada: texto adaptado |
| 300 | |a 75 p | ||
| 942 | |c BK | ||
| 945 | |d 19941111 00:00:00 |a oaravena | ||
| 260 | |a Santiago |b Andrés Bello |c 1994 | ||
| 650 | 7 | |a POESIAS EPICA GRIEGAS |2 CL-VaPUC |9 315544 | |
| 583 | |a last modification |c 19941111 00:00:00 |k Rodrigo Vera | ||
| 490 | 0 | |a Gran biblioteca Icarito | |
| 999 | |c 231033 |d 231031 | ||
| 952 | |0 0 |1 0 |4 0 |6 883_000000000000000_HOM_1994 |7 0 |8 A |9 233810 |a BIBEDU |b BIBEDU |d 2019-11-15 |i 3036626 |l 1 |m 1 |o 883 HOM 1994 |p 3036626 |r 2022-09-06 |s 2022-08-19 |w 2019-11-15 |y BK |k EPE | ||